Charleston business on the eve of the revolution / (Record no. 343897)
[ view plain ]
| 000 -LEADER | |
|---|---|
| fixed length control field | 00709 a2200205 4500 |
| 020 ## - INTERNATIONAL STANDARD BOOK NUMBER | |
| International Standard Book Number | 0356047415 |
| 020 ## - INTERNATIONAL STANDARD BOOK NUMBER | |
| International Standard Book Number | 9780356047416 |
| 090 ## - LOCALLY ASSIGNED LC-TYPE CALL NUMBER (OCLC); LOCAL CALL NUMBER (RLIN) | |
| -- | 1375 |
| -- | 1375 |
| 100 1# - MAIN ENTRY--PERSONAL NAME | |
| Personal name | Sellers, L. |
| 245 10 - TITLE STATEMENT | |
| Title | Charleston business on the eve of the revolution / |
| Statement of responsibility, etc. | L. Sellers. |
| 260 ## - PUBLICATION, DISTRIBUTION, ETC. | |
| Place of publication, distribution, etc. | [S.l.] : |
| Name of publisher, distributor, etc. | Macdonald and Jane's, |
| Date of publication, distribution, etc. | 1974. |
| 300 ## - PHYSICAL DESCRIPTION | |
| Extent | 259 p. |
| 490 1# - SERIES STATEMENT | |
| Series statement | Macdonald maritime history ser. |
| 500 ## - GENERAL NOTE | |
| General note | Import. |
| 500 ## - GENERAL NOTE | |
| General note | Hardcover. |
| 830 #0 - SERIES ADDED ENTRY--UNIFORM TITLE | |
| Uniform title | Macdonald maritime history ser. |
| 856 40 - ELECTRONIC LOCATION AND ACCESS | |
| Materials specified | Amazon.com |
| Uniform Resource Identifier | <a href="http://www.amazon.com/exec/obidos/ASIN/0356047415/chopaconline-20">http://www.amazon.com/exec/obidos/ASIN/0356047415/chopaconline-20</a> |
| 856 40 - ELECTRONIC LOCATION AND ACCESS | |
| Materials specified | Amazon customer reviews |
| Uniform Resource Identifier | <a href="http://www.chopac.org/cgi-bin/tools/azrev.pl?q=0356047415">http://www.chopac.org/cgi-bin/tools/azrev.pl?q=0356047415</a> |
| 942 ## - ADDED ENTRY ELEMENTS (KOHA) | |
| Institution code [OBSOLETE] | NBS |
| Koha item type | Book |
| Call number prefix | 381.10975915 SEL |
| Withdrawn status | Lost status | Damaged status | Not for loan | Permanent Location | Current Location | Date acquired | Total Checkouts | Full call number | Barcode | Date last seen | Date last checked out | Price effective from | Koha item type |
|---|---|---|---|---|---|---|---|---|---|---|---|---|---|
| Central Library (CL) | Central Library (CL) | 08/28/2013 | 1 | 381.10975915 SEL | NBS3581 | 11/23/2017 | 08/22/2017 | 08/28/2013 | Book |
